000 00861nam a2200253 i 4500
001 bg
100 1 _aBłazik-Borowa, Ewa.
245 1 0 _aProblemy związane ze stosowaniem modelu turbulencji k-ε do wyznaczania parametrów opływu budynków /
_cEwa Błazik-Borowa.
260 _aLublin :
_bWydawnictwo Politechniki Lubelskiej,
_c2008.
300 _a252 s. :
_bil. ;
_c24 cm +
_edysk optyczny CD-ROM.
500 _aCD ROM zawiera raport z badań w tunelu aerodynamicznym.
504 _aBibliogr. s. 243-252.
650 9 _aBudownictwo
_xmechanika
_xbadanie
650 9 _aTurbulencja
_xbadanie
_xmetody
650 9 _aAerodynamika
_xbadanie
020 _a9788374970501
040 _cBPK
041 _apol
044 _aPOL
080 _a624.04:533.6:532:519.86
920 _a978-83-7497-050-1
942 _cKS
008 090811s2009 pl |001 0 pol
999 _c56648
_d56648
856 _uhttp://koha.tu.koszalin.pl/cgi-bin/koha/opac-detail.pl?biblionumber=56648
_yKatalog online BPK